College Quizbowl Stats
College Quizbowl Stats
Circuits
Seasons
Sets
Records
Detailed Stats
About
Loading...
2024 Booster Shot (Columbia)
Tossups
Bonuses
Players
Teams
Categories (Tossup)
Categories (Bonus)
Jasin Cekinmez
Princeton A
Categories
Category
Powers
Gets
Negs
BBs
Points
Earliest Buzz
Avg. Buzz
First Buzzes
Top 3 Buzzes
History - Other History
0
1
0
1
10
128
128.00
0
0
History - World History
0
1
0
0
10
96
96.00
0
1
Science - Other Science
0
1
0
0
10
84
84.00
0
0
Other Academic
0
0
1
0
-5
0.00
0
0
Buzzes
Category
Answer
Value
Buzz Position
Science - Other Science
derivative
10
84
Other Academic
passports
-5
92
History - World History
Tenochtitlan
10
96
History - Other History
Syria
10
128
Previous
1
Next